Schaums outline of theory and problems of digital principles Ed 3 (Record no. 241258)
[ view plain ]
| 000 -LEADER | |
|---|---|
| fixed length control field | 01384nam a22002537a 4500 |
| 005 - DATE AND TIME OF LATEST TRANSACTION | |
| control field | 20260416101047.0 |
| 008 - FIXED-LENGTH DATA ELEMENTS--GENERAL INFORMATION | |
| fixed length control field | 260416b |||||||| |||| 00| 0 eng d |
| 040 ## - CATALOGING SOURCE | |
| Transcribing agency | AL |
| 041 ## - LANGUAGE CODE | |
| Language code of text/sound track or separate title | eng |
| 082 ## - DEWEY DECIMAL CLASSIFICATION NUMBER | |
| Classification number | 621.3815 |
| Item number | TOKS |
| 100 ## - MAIN ENTRY--PERSONAL NAME | |
| Personal name | Roger L Tokheim |
| 100 ## - MAIN ENTRY--PERSONAL NAME | |
| 9 (RLIN) | 261767 |
| 245 ## - TITLE STATEMENT | |
| Title | Schaums outline of theory and problems of digital principles Ed 3 |
| 250 ## - EDITION STATEMENT | |
| Edition statement | 3 |
| 260 ## - PUBLICATION, DISTRIBUTION, ETC. | |
| Place of publication, distribution, etc. | Chennai |
| Name of publisher, distributor, etc. | McGraw Hill Education India Pvt Ltd |
| Date of publication, distribution, etc. | 2020 |
| 300 ## - PHYSICAL DESCRIPTION | |
| Extent | vii,352p |
| Other physical details | PB |
| Dimensions | 28x21cm |
| 365 ## - TRADE PRICE | |
| Source of price type code | Electronics and Communication Engineering |
| Price type code | VBI-2645 |
| Price amount | ₹543.75 |
| Currency code | ₹ |
| Unit of pricing | ₹725.00 |
| Price note | 25% |
| Price effective from | 20-02-2026 |
| 440 ## - SERIES STATEMENT/ADDED ENTRY--TITLE | |
| Title | Schaums outline series |
| 9 (RLIN) | 261768 |
| 520 ## - SUMMARY, ETC. | |
| Summary, etc. | If you want top grades and thorough understanding of digital principles, this powerful study tool is the best tutor you can have! It takes you step-by-step through the subject and gives you accompanying related problems with fully worked solutions. You also get additional problems to solve on your own, working at your own speed. (Answers at the back show you how you’re doing.) Famous for their clarity, wealth of illustrations and examples—and lack of dreary minutiae—Schaum’s Outlines have sold more than 30 million copies worldwide. This guide will show you why! |
| 650 ## - SUBJECT ADDED ENTRY--TOPICAL TERM | |
| Topical term or geographic name entry element | Digital Electronics |
| 9 (RLIN) | 261769 |
| 650 ## - SUBJECT ADDED ENTRY--TOPICAL TERM | |
| Topical term or geographic name entry element | Binary Codes |
| 9 (RLIN) | 261770 |
| 650 ## - SUBJECT ADDED ENTRY--TOPICAL TERM | |
| Topical term or geographic name entry element | Logic Gates |
| 9 (RLIN) | 261771 |
| 650 ## - SUBJECT ADDED ENTRY--TOPICAL TERM | |
| Topical term or geographic name entry element | TTL and CMOS |
| 9 (RLIN) | 261772 |
| 942 ## - ADDED ENTRY ELEMENTS (KOHA) | |
| Source of classification or shelving scheme | Dewey Decimal Classification |
| Koha item type | Book |
| Withdrawn status | Lost status | Source of classification or shelving scheme | Damaged status | Not for loan | Collection code | Home library | Current library | Date acquired | Source of acquisition | Cost, normal purchase price | Total Checkouts | Full call number | Barcode | Date last seen | Cost, replacement price | Price effective from | Koha item type |
|---|---|---|---|---|---|---|---|---|---|---|---|---|---|---|---|---|---|
| Dewey Decimal Classification | Electronics and Communication Engineering | St Aloysius Engineering Library | St Aloysius Engineering Library | 04/13/2026 | Vidyarthi books | 543.75 | 621.3815 TOKS | SE000526 | 04/16/2026 | 725.00 | 02/20/2026 | Book |